000 00849nam a2200289 4500
001 34928
010 _a9789896721473
021 _aPT
090 _a34928
100 _a20220920 frey50
101 0 _apor
102 _aPT
200 1 _aNo mundo dos mortos
_fAna Soares, Bárbara Wong
_grev. Alice Soares
205 _a1.ª ed
210 9 _aCarnaxide
_cAlfaguara,
_d2012
215 _a170, [3] p.
_cil.
_d18 cm
225 2 _aOlimpvs.net
_eos heróis da nova era
_v3
675 _a087.5
_vBN
_zpor
675 _a821.134.3-93"20"
_vBN
_zpor
675 _a821.134.3-311.3"20"
_vBN
_zpor
700 1 _92
_aSoares,
_bAna
701 1 _aWong,
_bBárbara
_4070
702 1 _aSoares,
_bAlice
801 0 _aPT
_bBN
_gRPC
856 4 1 _uhttp://rnod.bnportugal.gov.pt/ImagesBN/winlibimg.aspx?skey=&doc=1849955&img=31565&save=true
990 _cLIVROS
994 _aCOMP